000
00257nam a22001217a 4500
008
170706b xxu||||| |||| 00| 0 eng d
041
_a
eng
080
_a
82
100
_a
22
101
_a
GJL
245
_a
PLATO PROTAGORAS
_c
LOMBARDO.S
942
_2
udc
_c
BK
999
_c
19963
_d
19963